Expert one-on-one J2EE development without EJB (Record no. 4291)

000 -LEADER
fixed length control field 00933 a2200229 4500
020 ## - INTERNATIONAL STANDARD BOOK NUMBER
International Standard Book Number 0764558315
040 ## - CATALOGING SOURCE
Original cataloging agency DLC
Language of cataloging DLC
082 00 - DEWEY DECIMAL CLASSIFICATION NUMBER
Classification number 005.133
100 1# - MAIN ENTRY--PERSONAL NAME
Personal name Johnson, Rod,
245 10 - TITLE STATEMENT
Title Expert one-on-one J2EE development without EJB
Statement of responsibility, etc. Rod Johnson with Juergen Hoeller.
260 ## - PUBLICATION, DISTRIBUTION, ETC.
Place of publication, distribution, etc. Indianapolis, Ind. :
Name of publisher, distributor, etc. Wiley Pub.,
Date of publication, distribution, etc. c2004.
300 ## - PHYSICAL DESCRIPTION
Extent xxiv, 552 p. :
Other physical details ill. ;
Dimensions 24 cm.
500 ## - GENERAL NOTE
General note "Programmer to programmer"--Cover.
500 ## - GENERAL NOTE
General note "Wrox"--Cover.
650 #0 - SUBJECT ADDED ENTRY--TOPICAL TERM
Topical term or geographic name entry element Java (Computer program language)
650 #0 - SUBJECT ADDED ENTRY--TOPICAL TERM
Topical term or geographic name entry element Computer software
General subdivision Development.
700 1# - ADDED ENTRY--PERSONAL NAME
Personal name Hoeller, Juergen,
Dates associated with a name 1975-
856 41 - ELECTRONIC LOCATION AND ACCESS
Materials specified Table of contents only
Uniform Resource Identifier <a href="http://www.loc.gov/catdir/toc/wiley051/2004005516.html">http://www.loc.gov/catdir/toc/wiley051/2004005516.html</a>
856 41 - ELECTRONIC LOCATION AND ACCESS
Materials specified Contributor biographical information
Uniform Resource Identifier <a href="http://www.loc.gov/catdir/enhancements/fy0616/2004005516-b.html">http://www.loc.gov/catdir/enhancements/fy0616/2004005516-b.html</a>
856 41 - ELECTRONIC LOCATION AND ACCESS
Materials specified Publisher description
Uniform Resource Identifier <a href="http://www.loc.gov/catdir/enhancements/fy0616/2004005516-d.html">http://www.loc.gov/catdir/enhancements/fy0616/2004005516-d.html</a>
942 ## - ADDED ENTRY ELEMENTS (KOHA)
Koha item type Book
Call number prefix 005.133 JOH
Source of classification or shelving scheme
Holdings
Withdrawn status Lost status Damaged status Not for loan Collection code Permanent Location Current Location Shelving location Date acquired Source of acquisition Cost, normal purchase price Total Checkouts Full call number Barcode Date last seen Price effective from Koha item type Date last checked out
          Central Library (CL) Central Library (CL) First Floor - Software Engineering/ Programming Language 05/19/2009 Star Books 2404.80   005.133 JOH SEECS009416 11/14/2012 01/05/2017 Book  
          Central Library (CL) Central Library (CL) First Floor - Software Engineering/ Programming Language 10/16/2009 Star Books 3276.26   005.133 JOH SEECS009719 11/14/2012 01/05/2017 Book  
          Central Library (CL) Central Library (CL) First Floor - Software Engineering/ Programming Language 10/16/2009 Star Books 3276.26   005.133 JOH SEECS009718 11/14/2012 01/05/2017 Book  
          Central Library (CL) Central Library (CL) First Floor - Software Engineering/ Programming Language 10/16/2009 Star Books 3276.26   005.133 JOH SEECS009717 11/14/2012 01/05/2017 Book  
          Central Library (CL) Central Library (CL) First Floor - Software Engineering/ Programming Language 10/16/2009 Star Books 3276.26 1 005.133 JOH SEECS009716 12/23/2015 01/05/2017 Book 10/22/2015
          Central Library (CL) Central Library (CL) First Floor - Software Engineering/ Programming Language 10/16/2009 Star Books 3276.26   005.133 JOH SEECS009720 11/14/2012 01/05/2017 Book  
© 2023 Central Library, National University of Sciences and Technology. All Rights Reserved.